Statistics for Cities by Picture #2

Click here to take the quiz!

General Stats

  • This quiz has been taken 10,129 times
  • The average score is 8 of 15

Answer Stats

Answer % Correct
Venice
98%
Beijing
90%
Berlin
87%
Hong Kong
70%
Jerusalem
67%
Florence
66%
Singapore
65%
Cape Town
62%
Luxor
37%
Pyongyang
37%
Brasilia
33%
Mexico City
32%
Santiago
27%
Doha
26%
Auckland
14%

Score Distribution

Percentile by Number Answered

Percent of People with Each Score

Your Score History

You have not taken this quiz